Rodina - podnik - ZRPŠ

Podrobná bibliografia
Médium: Článok
Jazyk:slovenčina
Predmet:

MARC

LEADER 00000nab a2200000 a 4500
001 vtls000095784
003 SK-MaSNL
005 20260303021721.0
008 140417c1981 xo 0 slo
015 |a SNBRB19rr/mm-uuuuu 
035 |a CL0105887 
040 |a SNKBUCL  |b slo  |c SNKBUCL  |e AACR2 
041 0 |a slo 
044 |a xo  |c SK 
080 |a 372  |2 1981 
080 |a 37.03  |2 1981 
080 |a 37.05/.08  |2 1981 
080 |a 37.04  |2 1981 
245 0 0 |a Rodina - podnik - ZRPŠ 
650 0 7 |a školy základné  |2 snkbucl  |9 390867 
650 0 7 |a pracovné vyučovanie  |2 snkbucl  |9 68041 
650 0 7 |a voľba povolania  |2 snkbucl  |9 2207 
655 7 |a články z novín a časopisov  |2 snkbucl  |9 267496 
773 0 |t Rodina a škola  |g Č. 5 (1981), s. 18-19 
850 |a Slovenská národná knižnica v Martine  |a MTA001 
852 |a SNK  |b KIS3GCP 
958 |a RK 
992 |a RBX 
999 |c 1624847  |d 1626777